| 000 | 00633nam a2200241Ia 4500 | ||
|---|---|---|---|
| 003 | OSt | ||
| 005 | 20220918214050.0 | ||
| 006 | a|||||r|||| 00| 0 | ||
| 007 | ta | ||
| 008 | 220917b |||||||| |||| 00| 0 eng d | ||
| 024 | _a135,724 | ||
| 037 | _cTextual | ||
| 040 |
_aARTS _cARTS _beng |
||
| 041 |
_2eng _aeng |
||
| 082 | _aX:770gF, M7 | ||
| 100 | _aDwivedi O P ed | ||
| 245 | 0 | _aPerspectives on technology and development | |
| 260 |
_aNew Delhi _bGitanjali Pub House _c1987 |
||
| 300 |
_a288p. _ccm. |
||
| 650 | _aECONOMICS | ||
| 942 |
_hX:770gF, M7 _cTEXL _2CC |
||
| 999 |
_c258816 _d258816 |
||